<?xml version="1.0" encoding="UTF-8"?>
<record
    xmlns:xsi="http://www.w3.org/2001/XMLSchema-instance"
    xsi:schemaLocation="http://www.loc.gov/MARC21/slim http://www.loc.gov/standards/marcxml/schema/MARC21slim.xsd"
    xmlns="http://www.loc.gov/MARC21/slim">

  <leader>00557nam a2200169Ia 4500</leader>
  <controlfield tag="008">090201s9999    xx            000 0 und d</controlfield>
  <datafield tag="010" ind1=" " ind2=" ">
    <subfield code="a">KPL-44047</subfield>
  </datafield>
  <datafield tag="040" ind1=" " ind2=" ">
    <subfield code="b">&#x92E;&#x930;&#x93E;&#x920;&#x940;</subfield>
  </datafield>
  <datafield tag="041" ind1=" " ind2=" ">
    <subfield code="a">&#x92E;&#x930;&#x93E;&#x920;&#x940;</subfield>
  </datafield>
  <datafield tag="082" ind1=" " ind2=" ">
    <subfield code="a">28793</subfield>
    <subfield code="b">44047</subfield>
  </datafield>
  <datafield tag="100" ind1=" " ind2=" ">
    <subfield code="a">&#x930;. &#x935;&#x940;. &#x930;&#x93E;&#x928;&#x921;&#x947;</subfield>
  </datafield>
  <datafield tag="245" ind1=" " ind2=" ">
    <subfield code="a">&#x939;&#x94B;&#x92E;&#x940;&#x913;&#x92A;&#x925;&#x940;&#x91A;&#x940; &#x92A;&#x93E;&#x92F;&#x935;&#x93E;&#x91F;</subfield>
    <subfield code="c">&#x930;. &#x935;&#x940;. &#x930;&#x93E;&#x928;&#x921;&#x947;</subfield>
  </datafield>
  <datafield tag="260" ind1=" " ind2=" ">
    <subfield code="c">2004</subfield>
    <subfield code="b">&#x938;&#x94C;&#x92D;&#x93E;&#x917;&#x94D;&#x92F; &#x92A;&#x94D;&#x930;&#x915;&#x93E;&#x936;&#x928;</subfield>
  </datafield>
  <datafield tag="300" ind1=" " ind2=" ">
    <subfield code="a">306</subfield>
    <subfield code="b">&#x92E;&#x94B;&#x920;&#x93E;</subfield>
  </datafield>
  <datafield tag="600" ind1=" " ind2=" ">
    <subfield code="a">&#x939;&#x94B;&#x92E;&#x940;&#x913;&#x92A;&#x925;&#x940;&#x91A;&#x940; &#x92A;&#x93E;&#x92F;&#x935;&#x93E;&#x91F;</subfield>
  </datafield>
  <datafield tag="942" ind1=" " ind2=" ">
    <subfield code="c">BOOK</subfield>
  </datafield>
  <datafield tag="999" ind1=" " ind2=" ">
    <subfield code="c">227458</subfield>
    <subfield code="d">227458</subfield>
  </datafield>
  <datafield tag="952" ind1=" " ind2=" ">
    <subfield code="0">0</subfield>
    <subfield code="1">0</subfield>
    <subfield code="4">0</subfield>
    <subfield code="7">0</subfield>
    <subfield code="a">KALYANPL</subfield>
    <subfield code="b">KALYANPL</subfield>
    <subfield code="d">0000-00-00</subfield>
    <subfield code="g">75.00</subfield>
    <subfield code="l">0</subfield>
    <subfield code="p">KPL-44047</subfield>
    <subfield code="r">2009-02-01 00:00:00</subfield>
    <subfield code="t">1</subfield>
    <subfield code="v">75.00</subfield>
    <subfield code="w">2009-02-01</subfield>
    <subfield code="y">BOOK</subfield>
  </datafield>
</record>
